000 00741nam 22001933 4500
001 201304
021 _aPT
090 _a201304
100 _a20260316d u||y0pory50 ba
200 _aJorge de Sena e a escrita dos limites
_fLuís F. Adriano Carlos
_eanálise das estruturas paragramáticas nos quatro sonetos a Afrodite Anadiómena
210 _aPorto
_c[s.n.]
_d1986
215 _a229 f.
_cbrochado
_d30 cm
300 _a. -Tese mestrado Literaturas Românicas Modernas e Contemporâneas, Fac. de Letras, Univ. do Porto, 1986 .- dedicatória na página de rosto
675 _a80
_vPT
_zpor
675 _a378.24
_vPT
_zpor
700 _96754
_aCarlos
_bLuís Adriano
_f1959-
801 _aPT
_bBMMN
_gRPC
830 _cAna Falardo
_fAna Falardo
990 _cLIVROS